000
00285nam a22001337a 4500
008
181031b xxu||||| |||| 00| 0 eng d
020
_a
0139177418
041
_a
eng
080
_a
371
100
_a
46
101
_a
EDU
245
_a
Thinking Logically
_c
Press, G.A
942
_2
udc
_c
BK
999
_c
51363
_d
51363